01163naa#a2200193#i#4500001001500000005001700015100004100032102000700073200032000080210016900400215001000569608006000579675017600639700002600815700003000841700005200871700002800923856001800951RU\\bibl\2027120260701143107.3##a20260630b2026####ek#y0rusy0150####ca##aRU1#aХАРАКТЕРИСТИКА ОБЪЕКТА ИССЛЕДОВАНИЯ ДЛЯ РАЗРАБОТКИ ИНФОРМАЦИОННОЙ СИСТЕМЫ «АВТОМАТИЗИРОВАННОЕ РАБОЧЕЕ МЕСТО СОТРУДНИКА ОТДЕЛА КАДРОВ БАНКА»eСтатья/тезисы конференции1#aВоронежcВоронежский государственный лесотехнический университет имени Г.Ф. Морозоваd2026##a7 с.##aСтатья/тезисы конференции2local##aИнформационные технологии. Компьютерные технологии. Теория вычислительных машин и систем. 004#1aСербинgС. Д.#1aСазоноваgС. А.#1aАсмининgВиктор Федорович#1aГорюновgВ. А.4#abibl.vgltu.ru